000 00442nam a2200181Ia 4500
001 8067
005 20260306160541.0
008 260306t2009||||xx |||||||||||||| ||spa||
041 _aESP
082 _a370.1
_bG88
100 _aGuevara Niebla, Gilberto
_eAUT
245 0 _aIntroducción a la teoría de la educación
260 _c2009
300 _a115 páginas :
_c21 cm.
650 _aGEN
654 _aCED
942 _cLIB
_dJUS
_fJUS
_2ddc
_n
999 _c8067
_d8067